LEADER 01559nam 2200409z- 450 001 9910689561303321 005 20161209101639.0 035 $a(CKB)5860000000036282 035 $a(BIP)008674447 035 $a(EXLCZ)995860000000036282 100 $a20220406c2002uuuu -u- - 101 0 $aeng 200 10$aWeak links $eassessing the vulnerability of U.S. ports and whether the government is adequately structured to safeguard them : hearing before the Committee on Governmental Affairs, United States Senate, One Hundred Seventh Congress, first session, December 6, 2001 215 $a1 online resource (iv, 290 p.) $cill 311 $a0-16-068745-4 517 $aWeak links 606 $aHarbors$xSecurity measures$zUnited States 606 $aMarine terminals$xSecurity measures$zUnited States 606 $aContainer terminals$xSecurity measures$zUnited States 606 $aUnitized cargo systems$zUnited States$xSafety measures 606 $aTerrorism$zUnited States$xPrevention 610 $aCustomer services 610 $aHarbors 610 $aUnitized cargo systems 610 $aTerrorism 610 $aBusiness & economics 610 $aTransportation 610 $aPolitical science 615 0$aHarbors$xSecurity measures 615 0$aMarine terminals$xSecurity measures 615 0$aContainer terminals$xSecurity measures 615 0$aUnitized cargo systems$xSafety measures. 615 0$aTerrorism$xPrevention. 906 $aBOOK 912 $a9910689561303321 996 $aWeak links$93208709 997 $aUNINA